| 000 | 01136nab a2200241 i 4500 | ||
|---|---|---|---|
| 001 | 768714001 | ||
| 003 | CO-MdFUSB | ||
| 005 | 20240717161419.0 | ||
| 008 | 240717t1966 enk||||| |||| 00| 0 eng d | ||
| 040 |
_bspa _cCO-MdFUSB _dCO-MdFUSB |
||
| 041 | _aeng | ||
| 100 |
_aLe Guillou, M.-J. _eautor |
||
| 245 |
_aMission as an ecclesiological theme _c/ M.-J. Le Guillou, O.P. |
||
| 520 | _aLa importancia de la misión como tema eclesiológico quedará claro estudiando los siguientes puntos: la posición de la eclesiología a principios del siglo XX; la misión y la actitud de los papas como factores eclesiales; el surgimiento de la misión como tema eclesiológico; y, por último, la extensión de la idea de misión. | ||
| 546 | _aTexto en inglés. | ||
| 650 | 7 |
_aIglesia _9655 |
|
| 650 | 7 |
_aTeología dogmática _96937 |
|
| 650 | 0 |
_aMisiones _9154 |
|
| 650 | 7 |
_aTeología pastoral _9227 |
|
| 773 | 0 |
_070507 _982827 _dLondres : Board, 1966. _oR2679 _tConcilium : _w(CO-MdFUSB)768714001 _x0010-5236 _gVolumen 3, (número 2, 1967), páginas: 43 - 67 _qpágina: 43 |
|
| 942 | _cANA | ||
| 945 | _aCatherine Arias Álvarez - Practicante SENA | ||
| 999 |
_c70508 _d70508 |
||